Harry Potter - Imiona - Statystyki

Ogólne statystyki
  • Ten quiz został rozwiązany 3 262 razy
  • Średni wynik to 11 z 15
Statystyki odpowiedzi
Nazwiska Imiona % Poprawnych
Potter Harry
100%
Granger Hermiona
99%
Dumbledore Albus
94%
Snape Severus
94%
Umbridge Dolores
85%
Lestrange Bellatrix
78%
Mcgonagall Minerwa
78%
Lupin Remus
74%
Hagrid Rubeus
70%
Hufflepuff Helga
67%
Crouch Jr. Barty
58%
Lockhart Gilderoy
56%
Flitwick Filius
41%
Quirell Kwiryniusz
31%
Lovegood (ojciec Luny) Ksenofilius
30%
Nie znaleziono quizów pasujących do podanych kryteriów
Rozkład punktacji
Procent ludzi z każdym wynikiem
Percentyl według liczby udzielonych odpowiedzi
Twoja historia wyników
Nie rozwiązałeś tego quizu